Kingsley v Inland Revenue Commissioners (Record no. 5805)
[ view plain ]
| 000 -LEADER | |
|---|---|
| fixed length control field | 01335cab a2200193 4500 |
| 001 - CONTROL NUMBER | |
| control field | ABS38223 |
| 008 - FIXED-LENGTH DATA ELEMENTS--GENERAL INFORMATION | |
| fixed length control field | 090401t1987 xxu||||| |||| 00| 0 eng d |
| 035 ## - SYSTEM CONTROL NUMBER | |
| System control number | (Sirsi) u9324 |
| 041 ## - LANGUAGE CODE | |
| Language code of text/sound track or separate title | eng |
| 245 ## - TITLE STATEMENT | |
| Title | Kingsley v Inland Revenue Commissioners |
| 260 ## - PUBLICATION, DISTRIBUTION, ETC. | |
| Date of publication, distribution, etc. | 1987 |
| 350 ## - PRICE (NR) (BK AM CF MU VM SE) [OBSOLETE] | |
| Price | 0 |
| 490 ## - SERIES STATEMENT | |
| Series statement | Estates Gazette |
| Volume/sequential designation | 283(6353) 26 September 1987, 1518-1520(2) |
| 520 ## - SUMMARY, ETC. | |
| Summary, etc. | 30 March 1987. This was a pre-trial review under Rule 45A of the Lands Tribunal Rules in respect of an appeal against the determination by the IRC of the value of certain properties on an estate. Application under Rules 40 and 45 of the Rules was made by the appellant, Mr Kingsley, immediately prior to the date of the hearing for the appeal, and a pre-trial review was ordered. The DV made certain submissions as to the value of the properties and the appellant requested extensive details from the DV`s records, subsequently modified at the pre-trial review. Appellant ordered to supply the registrar with valuation and comparables within 28 days, and any supporting literature within 58 days. Both parties were directed to deliver to the registrar a statement of agreed facts, the facts in dispute and the issues to be tried before the tribunal. |
| 650 ## - SUBJECT ADDED ENTRY--TOPICAL TERM | |
| Topical term or geographic name entry element | VALUATION LIST |
| 690 ## - LOCAL SUBJECT ADDED ENTRY--TOPICAL TERM (OCLC, RLIN) | |
| Topical term or geographic name as entry element | RATING AND VALUATION-CASE LAW |
| 942 ## - ADDED ENTRY ELEMENTS (KOHA) | |
| Suppress in OPAC | 0 |
| 948 ## - LOCAL PROCESSING INFORMATION (OCLC); SERIES PART DESIGNATOR (RLIN) | |
| c (OCLC) | 04/03/1997 |
| Withdrawn status | Lost status | Source of classification or shelving scheme | Damaged status | Not for loan | Home library | Current library | Shelving location | Date acquired | Total Checkouts | Full call number | Barcode | Date last seen | Copy number | Price effective from | Koha item type |
|---|---|---|---|---|---|---|---|---|---|---|---|---|---|---|---|
| Dewey Decimal Classification | London | London | Journal article | 14/09/1999 | ABS38223 | 9324-1001 | 06/08/2019 | 1 | 06/08/2019 | Law report |